Estadísticas para Países con el IDH más bajo

Haz click aquí para intentar la prueba.

Estadísticas generales

  • Esta prueba ha sido intentada 44 veces
  • La puntuación promedio es 14 de 20

Estadísticas de respuestas

IDHPaís% Correcto
0,508Sudán
89%
0,385Sudán del Sur
87%
0,492Eritrea
84%
0,404República Centroafricana
84%
0,479República Democrática del Congo
84%
0,394Chad
79%
0,428Malí
76%
0,400Níger
76%
0,498Etiopía
74%
0,465Guinea
71%
0,500Gambia
68%
0,483Guinea-Bissau
68%
0,426Burundi
66%
0,455Yemen
63%
0,478Afganistán
61%
0,449Burkina Faso
61%
0,481Liberia
61%
0,477Sierra Leona
61%
0,446Mozambique
58%
0,501Madagascar
55%

Distribución de puntuación

Porcentaje por número respondido

Porcentaje de gente con cada puntuación

Historial de tus puntuaciones

No has intentado esta prueba.